Los cambios políticos y sociales en España e Hispanoamérica / (Record no. 169122)

MARC details
000 -LEADER
campo de control de longitud fija 00928nam a2200265 i 4500
001 - NÚMERO DE CONTROL
campo de control 169122
003 - IDENTIFICADOR DE NÚMERO DE CONTROL
campo de control ES-MaACL
005 - FECHA Y HORA DE LA ÚLTIMA TRANSACCIÓN
campo de control 20250812062537.0
008 - DATOS DE LONGITUD FIJA--INFORMACIÓN GENERAL
campo de control de longitud fija 080819s19551955sp |||| | spa d
080 ## - NÚMERO DE LA CLASIFICACIÓN DECIMAL UNIVERSAL
Número de la Clasificación Decimal Universal 308(460)
080 ## - NÚMERO DE LA CLASIFICACIÓN DECIMAL UNIVERSAL
Número de la Clasificación Decimal Universal 308(8=134.2)
100 1# - ENTRADA PRINCIPAL--NOMBRE DE PERSONA
Nombre de persona Rodríguez Casado, Vicente,
Fechas asociadas al nombre 1918-1990
9 (RLIN) 98411
245 14 - MENCIÓN DEL TÍTULO
Título Los cambios políticos y sociales en España e Hispanoamérica /
Mención de responsabilidad, etc. Vicente Rodríguez Casado.
260 ## - PUBLICACIÓN, DISTRIBUCIÓN, ETC.
Lugar de publicación, distribución, etc. Madrid :
Nombre del editor, distribuidor, etc. Ateneo,
Fecha de publicación, distribución, etc. 1955.
300 ## - DESCRIPCIÓN FÍSICA
Extensión 37 p. :
Otras características físicas 1 lám. ;
Dimensiones 19 cm.
490 1# - MENCIÓN DE SERIE
Mención de serie Colección "O crece o muere" ;
Designación de volumen o secuencia 89
651 #4 - PUNTO DE ACCESO ADICIONAL DE MATERIA--NOMBRE GEOGRÁFICO
Nombre geográfico España-
Subdivisión general Situación social-
Subdivisión cronológica 1939-1955.
9 (RLIN) 167678
651 #4 - PUNTO DE ACCESO ADICIONAL DE MATERIA--NOMBRE GEOGRÁFICO
Nombre geográfico América Latina-
Subdivisión general Situación social-
Subdivisión de forma Historia.
9 (RLIN) 167688
710 2# - ENTRADA AGREGADA--NOMBRE DE ENTIDAD CORPORATIVA
Nombre de entidad corporativa o nombre de jurisdicción como elemento de entrada Ateneo de Madrid.
9 (RLIN) 1875
830 10 - PUNTO DE ACCESO ADICIONAL DE SERIE-TÍTULO UNIFORME
Título uniforme Colección "O crece o muere"
Designación de volumen o secuencia 89
9 (RLIN) 183476
852 ## - LOCALIZACIÓN
Ubicación ES-MaACL
itemnumber 175754
Número de control de estantería J-24(89)
Ubicación en estantería Depósito 2
852 ## - LOCALIZACIÓN
Ubicación ES-MaACL
itemnumber 175753
Número de control de estantería J-25(89)
Ubicación en estantería Depósito 2
942 ## - ELEMENTOS DE ENTRADA SECUNDARIOS (KOHA)
Fuente del sistema de clasificación o colocación Clasificación decimal universal
Holdings
Estatus retirado Estado de pérdida Estado de daño No para préstamo Biblioteca de origen Biblioteca actual Ubicación en estantería Fecha de adquisición Total de préstamos Signatura topográfica completa Código de barras Visto por última vez Precio de reemplazo Tipo de ítem Koha
        Biblioteca del Ateneo de Madrid Biblioteca del Ateneo de Madrid Depósito 2 19/08/2008   J-25(89) 1177554 23/02/2023 23/02/2023 Libro impreso
        Biblioteca del Ateneo de Madrid Biblioteca del Ateneo de Madrid Depósito 2 19/08/2008   J-24(89) 1177553 23/02/2023 23/02/2023 Libro impreso